al-Arnabu walsulahfat = (Record no. 169103)

MARC details
000 -LEADER
fixed length control field 00903nam a22002777i 4500
005 - DATE AND TIME OF LATEST TRANSACTION
control field 20180819145002.0
008 - FIXED-LENGTH DATA ELEMENTS--GENERAL INFORMATION
fixed length control field 180801n my a|||b |||| 00| 1 ara d
020 ## - INTERNATIONAL STANDARD BOOK NUMBER
International Standard Book Number 9786144087619
Terms of availability RM35.00
Qualifying information set
International Standard Book Number 9786144086261
Qualifying information hardback
040 ## - CATALOGING SOURCE
Original cataloging agency PPAK
Language of cataloging eng
Transcribing agency PPAK
Modifying agency PPAK
Description conventions rda
082 04 - DEWEY DECIMAL CLASSIFICATION NUMBER
Edition number 23
Classification number 892.73
090 00 - LOCALLY ASSIGNED LC-TYPE CALL NUMBER (OCLC); LOCAL CALL NUMBER (RLIN)
Classification number (OCLC) (R) ; Classification number, CALL (RLIN) (NR) 892.73
Feature heading ARN
Feature heading K
245 00 - TITLE STATEMENT
Title al-Arnabu walsulahfat =
Remainder of title The rabbit and the turtle /
264 #1 - PRODUCTION, PUBLICATION, DISTRIBUTION, MANUFACTURE, AND COPYRIGHT NOTICE
Place of production, publication, distribution, manufacture Beirut, Lebanon :
Name of producer, publisher, distributor, manufacturer DIGITAL FUTURE,
Date of production, publication, distribution, manufacture, or copyright notice [date of publication not identified]
300 ## - PHYSICAL DESCRIPTION
Extent 32 pages :
Other physical details colour illustrations ;
Dimensions 22 cm
336 ## - CONTENT TYPE
Source rdacontent
Content type term text
337 ## - MEDIA TYPE
Source rdamedia
Media type term unmediated
338 ## - CARRIER TYPE
Source rdacarrier
Carrier type term volume
490 1# - SERIES STATEMENT
Series statement ANA AQRA' BINAFSI
500 ## - GENERAL NOTE
General note Scholastic Arabic Stories Level 3
General note 8 Stories + 1 CD
650 10 - SUBJECT ADDED ENTRY--TOPICAL TERM
Topical term or geographic name entry element Children's stories, Arabic
Topical term or geographic name entry element Didactic fiction, Arabic
830 #0 - SERIES ADDED ENTRY--UNIFORM TITLE
Uniform title Ana aqra' binafsi
942 ## - ADDED ENTRY ELEMENTS (KOHA)
Source of classification or shelving scheme Dewey Decimal Classification
Koha item type Book
Holdings
Withdrawn Not for loan Current library Shelving location Date acquired Total Checkouts Full call number Barcode Date last seen Date last checked out Koha item type
    Perpustakaan Alor Setar Pinjaman Kanak-kanak 15/08/2018 2 K 892.73 ALA A01573970 24/06/2020 05/03/2020 Book